Documento firmado por Don Leonardo Márquez (Record no. 4834)

MARC details
000 -CABECERA
campo de control de longitud fija 01741nam a2200313 a 4500
001 - NÚMERO DE CONTROL
campo de control BRCA_5140
005 - FECHA Y HORA DE LA ÚLTIMA TRANSACCIÓN
campo de control 20190320204945.0
008 - DATOS DE LONGITUD FIJA--INFORMACIÓN GENERAL
campo de control de longitud fija 221110s1861----mx-######v---#000-0#spa-#
041 ## - CÓDIGO DE LENGUA
Código de lengua del texto/banda sonora o título independiente spa
044 ## - CÓDIGO DEL PAÍS DE LA ENTIDAD EDITORA/PRODUCTORA
Código MARC del país mx
084 ## - OTRO NÚMERO DE CLASIFICACIÓN
Número de clasificación DOC132
Número de documento/Ítem .M37
-- 1861
100 1# - ENTRADA PRINCIPAL--NOMBRE DE PERSONA
Nombre de persona Márquez, Leonardo
Fechas asociadas al nombre 1820-1913
9 (RLIN) 10652
245 10 - MENCIÓN DE TÍTULO
Título Documento firmado por Don Leonardo Márquez
Mención de responsabilidad, etc. Leonardo Márquez ; Ignacio Butrón.
260 ## - PUBLICACIÓN, DISTRIBUCIÓN, ETC.
Lugar de publicación, distribución, etc. México
Fecha de publicación, distribución, etc. 1861
300 ## - DESCRIPCIÓN FÍSICA
Extensión [3] fojas
Dimensiones 23 x 17 cm.
500 ## - NOTA GENERAL
Nota general Documento firmado en Ilmiquiluca el 24 de junio de 1861.
500 ## - NOTA GENERAL
Nota general Documento en el cuál Leonardo Márquez escribe al dueño, administrador o encargado de la Hacienda o del Mayorazgo, comunicándole la urgencia de que sitúe
Enlace ,000 en dicha plaza por orden del señor Presidente Interino [Félix Zuloaga] con el carácter de devolución para los gastos necesarios.
500 ## - NOTA GENERAL
Nota general Contiene anexo de recibo de dicha cantidad firmado por Ignacio Butrón y cuya medida es de 11 x 17 cm.
500 ## - NOTA GENERAL
Nota general Al margen dos sellos, el primero con el escudo nacional e inscripción: ´EJERCITO NACIONAL. BRIGADA BUTRÓN´ y el segundo con la inscripción: ´SECCIÓN DE REGISTRO DE CREDITOS. PRESENTADO PARA LOS EFECTOS DEL DECRETO DE 22 DE SEPTIEMBRE DE 1861´.
500 ## - NOTA GENERAL
Nota general El documento contiene la leyenda DOC. #300.
506 0# - NOTA DE RESTRICCIONES AL ACCESO
Limitaciones de acceso Fondo Reservado. Para su consulta es necesario credencial de usuario y carta de motivos.
546 ## - NOTA DE LENGUA/LENGUAJE
Nota de lengua/lenguaje Texto en: español de mediados del siglo XIX.
600 14 - PUNTO DE ACCESO ADICIONAL DE MATERIA--NOMBRE DE PERSONA
Nombre de persona Márquez, Leonardo
Fechas asociadas al nombre 1820-1913
Subdivisión general Historia
9 (RLIN) 13130
650 14 - PUNTO DE ACCESO ADICIONAL DE MATERIA--TÉRMINO DE MATERIA
Término de materia o nombre geográfico como elemento de entrada Documentos legales
Subdivisión de forma Manuscritos
Subdivisión general Historia
9 (RLIN) 12814
651 #4 - PUNTO DE ACCESO ADICIONAL DE MATERIA--NOMBRE GEOGRÁFICO
Nombre geográfico México
Subdivisión general Historia
Subdivisión cronológica Constitución y reforma, 1855-1863
9 (RLIN) 13131
700 1# - PUNTO DE ACCESO ADICIONAL--NOMBRE DE PERSONA
Nombre de persona Butrón, Ignacio
9 (RLIN) 13132
902 ## - CATALOGADOR
Iniciales FDH
942 ## - ELEMENTOS DE PUNTO DE ACCESO ADICIONAL (KOHA)
Fuente del sistema de clasificación o colocación Library of Congress Classification
Tipo de ítem Koha Documentos
Holdings
Estado de retiro Estado de pérdida Estado dañado No para préstamo Localización permanente Ubicación/localización actual Fecha de adquisición Total de préstamos Signatura topográfica completa Código de barras Fecha visto por última vez Precio válido a partir de Tipo de ítem Koha
El ejemplar forma parte de la colección y puede ser consultado según las políticas vigentes.       Biblioteca del Museo Franz Mayer (Rogerio Casas-Alatriste) Biblioteca del Museo Franz Mayer (Rogerio Casas-Alatriste) 22/11/2010   DOC132 .M37 1861 5484 22/03/2019 22/03/2019 Documentos